000 01303nam a22003617a 4500
001 BR2020000009
003 BR-BrBNA
005 20230928105458.0
007 ta
008 230509b bl.||||| |||| 00| 0 por d
040 _aBR-BrBNA
_bpor
_cBiblioteca Nacional de Agricultura
041 _a(Por)
072 _aF01; E21
090 _ F01 BR2020000009
100 1 _aNascimento Neto, F. do (org.)
110 1 _aMinistério do Desenvolvimento Agrário, Brasília, DF (Brasil). Secretaria de Agricultura Familiar
_97484
245 1 _aPrograma de agroindustrialização da agricultura familiar. Recomendações básicas para a aplicação das boas práticas agropecuárias e de fabricação na agricultura familiar
260 3 _aBrasília, DF (Brasil):
_bEmbrapa Informação Tecnológica, Brasília, DF (Brazil),
_c2011.
300 _a251 p.
500 _aIncludes several bibliography
650 _aAGRICULTURA FAMILIAR
650 _aINDÚSTRIA AGRÍCOLA
650 _aROTULAGEM
650 _aPRODUÇÃO DE ALIMENTOS
650 _aARMAZENAMENTO DE ALIMENTO
650 _aTRATAMENTO DE ALIMENTO
650 _aTECNOLOGIA DE ALIMENTO
650 _aPRODUÇÃO VEGETAL
650 _aPRODUÇÃO ANIMAL
650 _aTRANSPORTE
909 _a202309
_bLucia
_c55
_dLucia Elande
942 _cBK
999 _c85320
_d85320